书目信息 |
| 题名: |
大学英语四级词汇多功能记忆手册
|
|
| 作者: | ;大学英语四六级考试命题研究组 编 | |
| 分册: | ||
| 出版信息: | 北京 中国石化出版社 2005.04 |
|
| 页数: | 580页 | |
| 开本: | 19cm | |
| 丛书名: | 大学英语四级书系 | |
| 单 册: | ||
| 中图分类: | H313.1 | |
| 科图分类: | ||
| 主题词: | 英语--ying yu--词汇--记忆术--高等学校--教学参考资料 | |
| 电子资源: | ||
| ISBN: | 7-80164-766-1 | |
| 000 | 01016nam 2200241 450 | |
| 001 | 012006295483 | |
| 005 | 20060307110747.67 | |
| 010 | @a7-80164-766-1@dCNY22.80 | |
| 100 | @a20060306d2005 km y0chiy0120 ea | |
| 101 | 0 | @achi@aeng |
| 102 | @aCN@b110000 | |
| 105 | @ay z 000yy | |
| 200 | 1 | @a大学英语四级词汇多功能记忆手册@Ada xue ying yu si ji ci hui duo gong neng ji yi shou ce@f大学英语四六级考试命题研究组编@Fda xue ying yu si liu ji kao shi ming ti yan jiu zu bian |
| 210 | @a北京@c中国石化出版社@d2005.04 | |
| 215 | @a580页@d19cm | |
| 225 | 2 | @a大学英语四级书系@Ada xue ying yu si ji shu xi |
| 330 | @a本书囊括了历年来四级英语考试中听力理解、阅读理解、完形填空所出现的核心句。并对写作方面也给予了充分的重视。 | |
| 410 | 0 | @12001 @a大学英语四级书系 |
| 606 | 0 | @a英语@Aying yu@x词汇@x记忆术@x高等学校@j教学参考资料 |
| 690 | @aH313.1@v4 | |
| 711 | 02 | @a大学英语四六级考试命题研究组@Ada xue ying yu si liu ji kao shi ming ti yan jiu zu@4编 |
| 801 | 0 | @aCN@bQSSK@c20060307 |
| 905 | @a10447@dH313.1@eD088 | |
| 大学英语四级词汇多功能记忆手册/大学英语四六级考试命题研究组编.-北京:中国石化出版社,2005.04 |
| 580页;19cm.-(大学英语四级书系) |
| ISBN 7-80164-766-1:CNY22.80 |
| 本书囊括了历年来四级英语考试中听力理解、阅读理解、完形填空所出现的核心句。并对写作方面也给予了充分的重视。 |
| ● |
| 相关链接 |
|
|
|
正题名:大学英语四级词汇多功能记忆手册
索取号:H313.1/D088
 
预约/预借
| 序号 | 登录号 | 条形码 | 馆藏地/架位号 | 状态 | 备注 |
| 1 | 554874 | 205548745 | 语言库209/209语言库 32排1列2层/ [索取号:H313.1/D088] | 在馆 | |
| 2 | 554876 | 205548763 | 语言库209/209语言库 32排1列2层/ [索取号:H313.1/D088] | 在馆 | |
| 3 | 554877 | 205548772 | 语言库209/209语言库 32排1列2层/ [索取号:H313.1/D088] | 在馆 | |
| 4 | 554878 | 205548781 | 语言库209/209语言库 32排1列2层/ [索取号:H313.1/D088] | 在馆 |